Last-minute science fair projects : (Record no. 8900)
[ view plain ]
| 000 -LEADER | |
|---|---|
| fixed length control field | 01517cam a22003854a 4500 |
| 001 - CONTROL NUMBER | |
| control field | 14182197 |
| 003 - CONTROL NUMBER IDENTIFIER | |
| control field | SISC |
| 005 - DATE AND TIME OF LATEST TRANSACTION | |
| control field | 20160229145435.0 |
| 008 - FIXED-LENGTH DATA ELEMENTS--GENERAL INFORMATION | |
| fixed length control field | 051128s2006 nyua j 001 0 eng |
| 010 ## - LIBRARY OF CONGRESS CONTROL NUMBER | |
| LC control number | 2005034455 |
| 020 ## - INTERNATIONAL STANDARD BOOK NUMBER | |
| International Standard Book Number | 9781402716904 |
| 020 ## - INTERNATIONAL STANDARD BOOK NUMBER | |
| International Standard Book Number | 1402716907 |
| 035 ## - SYSTEM CONTROL NUMBER | |
| System control number | (OCoLC)ocm62408635 |
| 035 ## - SYSTEM CONTROL NUMBER | |
| System control number | (OCoLC)62408635 |
| 037 ## - SOURCE OF ACQUISITION | |
| Stock number | 1262284 |
| Source of stock number/acquisition | QBI |
| 040 ## - CATALOGING SOURCE | |
| Original cataloging agency | DLC |
| Transcribing agency | DLC |
| Modifying agency | QBX |
| -- | BAKER |
| -- | OCO |
| -- | BTCTA |
| -- | DLC |
| 050 00 - LIBRARY OF CONGRESS CALL NUMBER | |
| Classification number | Q 182.3 |
| Item number | .B367 2006 |
| 100 1# - MAIN ENTRY--PERSONAL NAME | |
| Personal name | Bardhan-Quallen, Sudipta. |
| 9 (RLIN) | 11733 |
| 245 ## - TITLE STATEMENT | |
| Title | Last-minute science fair projects : |
| Remainder of title | when your Bunsen's not burning but the clock's really ticking / |
| Statement of responsibility, etc | by Sudipta Bardhan-Quallen. |
| 246 ## - VARYING FORM OF TITLE | |
| Title proper/short title | Science fair projects |
| 260 ## - PUBLICATION, DISTRIBUTION, ETC. (IMPRINT) | |
| Place of publication, distribution, etc | New York : |
| Name of publisher, distributor, etc | Sterling Pub., |
| Date of publication, distribution, etc | c2006. |
| 300 ## - PHYSICAL DESCRIPTION | |
| Extent | 112 p. : |
| Other physical details | col. ill. ; |
| Dimensions | 27 cm. |
| 500 ## - GENERAL NOTE | |
| General note | Includes index. |
| 520 ## - SUMMARY, ETC. | |
| Summary, etc | Examines ways to complete your science project in a very short time with supplies you can find around the house. |
| 650 #0 - SUBJECT ADDED ENTRY--TOPICAL TERM | |
| Topical term or geographic name as entry element | Science projects |
| Form subdivision | Juvenile literature. |
| 9 (RLIN) | 11734 |
| 650 #1 - SUBJECT ADDED ENTRY--TOPICAL TERM | |
| Topical term or geographic name as entry element | Science projects. |
| 9 (RLIN) | 2008 |
| 856 41 - ELECTRONIC LOCATION AND ACCESS | |
| Materials specified | Table of contents only |
| Uniform Resource Identifier | <a href="http://www.loc.gov/catdir/toc/ecip064/2005034455.html">http://www.loc.gov/catdir/toc/ecip064/2005034455.html</a> |
| 856 42 - ELECTRONIC LOCATION AND ACCESS | |
| Materials specified | Publisher description |
| Uniform Resource Identifier | <a href="http://www.loc.gov/catdir/enhancements/fy0634/2005034455-d.html">http://www.loc.gov/catdir/enhancements/fy0634/2005034455-d.html</a> |
| 906 ## - LOCAL DATA ELEMENT F, LDF (RLIN) | |
| a | 7 |
| b | cbc |
| c | orignew |
| d | 1 |
| e | ecip |
| f | 20 |
| g | y-gencatlg |
| 942 ## - ADDED ENTRY ELEMENTS (KOHA) | |
| Source of classification or shelving scheme | Library of Congress Classification |
| Koha item type | Books |
| Withdrawn status | Lost status | Source of classification or shelving scheme | Damaged status | Home library | Current library | Shelving location | Date acquired | Total Checkouts | Full call number | Barcode | Date last seen | Copy number | Price effective from | Koha item type |
|---|---|---|---|---|---|---|---|---|---|---|---|---|---|---|
| Library of Congress Classification | Luxembourg Library | Luxembourg Library | High School Section | 08/17/2013 | Q 182.3 .B367 2006 | 18584 | 08/17/2013 | 1 | 08/17/2013 | Books | ||||
| Library of Congress Classification | Luxembourg Library | Luxembourg Library | High School Section | 08/17/2013 | Q 182.3 .B367 2006 | 18583 | 08/17/2013 | 2 | 08/17/2013 | Books | ||||
| Library of Congress Classification | Luxembourg Library | Luxembourg Library | High School Section | 08/17/2013 | Q 182.3 .B367 2006 | 18585 | 08/17/2013 | 3 | 08/17/2013 | Books |